LEADER 01165nam a2200217 i 4500 001 000000250953 003 CaOOAMICUS 005 20161018000000.0 008 161018s2016 it u000 u ita u 013 $a229858 040 $aSeMil$bita 245 10$aOrdo Virginum :$b"L'ignoranza delle Scritture, infatti, è ignoranza di Cristo" (S. Girolamo "Commento in Isaia"). Atti dell'Incontro Nazionale : Venegono Inferiore, 27-30 agosto 2015 /$cOrdo Virginum delle Diocesi che sono in Italia. 260 $aSiena :$bCantagalli,$c2016. 300 $a286 p. ;$c21 cm. 650 4$aOrdo Virginum - Incontri nazionali.$0(OLS)http://semarc/subject/13944 710 2 $aOrdo Virginum.$0(OLS)http://semarc/name/92129 850 $aSeMil 852 $aSeMil$W1$xVenegono$y1$m3G III 284/9$j201299$B201299$CSeMilBibl$Z2$F213879 $81 961 $aOmaggio: Delpini mons. Mario 996 $6245$aOrdo Virginum :$b"L'ignoranza delle Scritture, infatti, è ignoranza di Cristo" (S. Girolamo "Commento in Isaia"). Atti dell'Incontro Nazionale : Venegono Inferiore, 27-30 agosto 2015$9(OLS)http://semarc/title/353090 996 $6260$aSiena :$bCantagalli$9(OLS)http://semarc/publisher/29767 LEADER 00987nam a2200253 i 4500 001 000000036142 003 CaOOAMICUS 005 20090225000000.0 008 090225s1989 it u000 u ita u 013 $a5275 020 $a88-7652-599-8 040 $aSeMil$bita 100 1 $aSzaszkiewicz, Jerzy .$0(OLS)http://semarc/name/16987 245 10$aFilosofia dell'uomo /$cJ. Szaszkiewicz. 250 $a2. ed. corretta e completata. 260 $aRoma :$bPontificia Università Gregoriana,$c1989. 300 $a345 p. ;$c21 cm. 650 4$aAntropologia filosofica.$0(OLS)http://semarc/subject/976 850 $aSeMil 852 $aSeMil$W1$xVenegono$y1$m2P V 494$j2297$B2297$CSeMilBibl$Z2$F2297 $81 961 $aAcquisto: Casa editrice 996 $6020$a88-7652-599-8$9(OLS)http://semarc/number/4646 996 $6245$aFilosofia dell'uomo$9(OLS)http://semarc/title/49858 996 $6260$aRoma :$bPontificia Università Gregoriana$9(OLS)http://semarc/publisher/29750